Instructions and specifications for the use of cold bitumen emulsins (Record no. 548466)
[ view plain ]
| 000 -LEADER | |
|---|---|
| fixed length control field | 00496cam a2200157 a 4500 |
| 020 ## - INTERNATIONAL STANDARD BOOK NUMBER | |
| International Standard Book Number | 0470088699 (alk. paper/cd) |
| 082 00 - DEWEY DECIMAL CLASSIFICATION NUMBER | |
| Classification number | 660.299514 |
| Author Mark | INS |
| 100 ## - MAIN ENTRY--PERSONAL NAME | |
| Personal name | Pakistan |
| 9 (RLIN) | 44773 |
| 245 04 - TITLE STATEMENT | |
| Title | Instructions and specifications for the use of cold bitumen emulsins |
| Statement of responsibility, etc. | Pakistan |
| 260 ## - PUBLICATION, DISTRIBUTION, ETC. | |
| Place of publication, distribution, etc. | Lahore: |
| Name of publisher, distributor, etc. | Bitumen emulsions , |
| 300 ## - PHYSICAL DESCRIPTION | |
| Extent | iii, 19 p. : |
| Other physical details | ill. ; |
| Dimensions | 15 cm. |
| 526 ## - STUDY PROGRAM INFORMATION NOTE | |
| Program name | 0 |
| Interest level | 0 |
| Reading level | 0 |
| Title point value | 660_299514000000000_INS |
| 526 ## - STUDY PROGRAM INFORMATION NOTE | |
| Program name | 0 |
| Interest level | 0 |
| Reading level | 0 |
| Title point value | 660_299514000000000_INS |
| 650 #0 - SUBJECT ADDED ENTRY--TOPICAL TERM | |
| Topical term or geographic name entry element | MCE |
| 9 (RLIN) | 379 |
| 942 ## - ADDED ENTRY ELEMENTS (KOHA) | |
| Source of classification or shelving scheme | |
| Koha item type | Book |
| Withdrawn status | Lost status | Source of classification or shelving scheme | Damaged status | Not for loan | Permanent Location | Current Location | Date acquired | Total Checkouts | Full call number | Barcode | Date last seen | Price effective from | Koha item type |
|---|---|---|---|---|---|---|---|---|---|---|---|---|---|
| Military College of Engineering (MCE) | Military College of Engineering (MCE) | 08/28/2014 | 660.299514 INS | MCE-33436 | 08/28/2014 | 08/28/2014 | Book | ||||||
| Military College of Engineering (MCE) | Military College of Engineering (MCE) | 08/28/2014 | 660.299514 INS | MCE-3095 | 08/28/2014 | 08/28/2014 | Book |
